| 000 | 00887nam a2200301Ia 4500 | ||
|---|---|---|---|
| 008 | 160803s9999 xx 000 0 und d | ||
| 020 | _a9780590102940 | ||
| 100 | _aAardema, Verna | ||
| 245 | _aWhy mosquitoes buzz in people's ears : | ||
| 245 | _ba West African tale / | ||
| 245 | _cretold by Verna Aardema ; pictures by Leo and Diane Dillon. | ||
| 260 | _aNew York : | ||
| 260 | _bScholastic Inc. | ||
| 260 | _c1975 | ||
| 300 | _a[30] pages : | ||
| 300 | _billustrations ; | ||
| 300 | _c21 cm | ||
| 440 | _aReady-to-go classroom library., | ||
| 440 | _vGrade 2 | ||
| 650 | _aFolklore -- Africa, West -- | ||
| 650 | _aFolklore -- Africa, West. | ||
| 650 | _aJungle animals -- Folklore -- | ||
| 650 | _aMosquitoes -- Folklore -- | ||
| 650 | _xJuvenile literature. | ||
| 650 | _xJuvenile literature. | ||
| 650 | _xJuvenile literature. | ||
| 700 | _a770 | ||
| 999 |
_c299358 _d299358 |
||